<?xml version="1.0" encoding="UTF-8"?>
<record
    xmlns:xsi="http://www.w3.org/2001/XMLSchema-instance"
    xsi:schemaLocation="http://www.loc.gov/MARC21/slim http://www.loc.gov/standards/marcxml/schema/MARC21slim.xsd"
    xmlns="http://www.loc.gov/MARC21/slim">

  <leader>03213nam a2200445Ii 4500</leader>
  <controlfield tag="001">DIGANT0027</controlfield>
  <controlfield tag="003">NyNyDIG</controlfield>
  <controlfield tag="006">m     o  d        </controlfield>
  <controlfield tag="007">cr |||||||||||</controlfield>
  <controlfield tag="008">100325s2006    sp a    ob    000 0 spa d</controlfield>
  <datafield tag="020" ind1=" " ind2=" ">
    <subfield code="z">8476587880</subfield>
  </datafield>
  <datafield tag="020" ind1=" " ind2=" ">
    <subfield code="z">9788476587881</subfield>
  </datafield>
  <datafield tag="035" ind1=" " ind2=" ">
    <subfield code="a">(OCoLC)656285647</subfield>
  </datafield>
  <datafield tag="040" ind1=" " ind2=" ">
    <subfield code="a">DGITA</subfield>
    <subfield code="b">eng</subfield>
    <subfield code="e">pn</subfield>
    <subfield code="c">DGITA</subfield>
  </datafield>
  <datafield tag="050" ind1="1" ind2="4">
    <subfield code="a">K5304 eBook</subfield>
  </datafield>
  <datafield tag="245" ind1="0" ind2="0">
    <subfield code="a">Torturas y abuso de poder /</subfield>
    <subfield code="c">Roberto Bergalli, I&#xF1;aki Rivera Beiras, (coords.).</subfield>
  </datafield>
  <datafield tag="250" ind1=" " ind2=" ">
    <subfield code="a">1a ed.</subfield>
  </datafield>
  <datafield tag="264" ind1=" " ind2="1">
    <subfield code="a">Rub&#xED;, Barcelona :</subfield>
    <subfield code="b">Anthropos Editorial ;</subfield>
    <subfield code="a">Barcelona :</subfield>
    <subfield code="b">Observatori del Sistema Penal i els Drets Humans de la Universitat de Barcelona,</subfield>
    <subfield code="c">2006.</subfield>
  </datafield>
  <datafield tag="300" ind1=" " ind2=" ">
    <subfield code="a">1 online resource (190 pages) :</subfield>
    <subfield code="b">ill.</subfield>
  </datafield>
  <datafield tag="336" ind1=" " ind2=" ">
    <subfield code="a">text</subfield>
    <subfield code="b">txt</subfield>
    <subfield code="2">rdacontent</subfield>
  </datafield>
  <datafield tag="337" ind1=" " ind2=" ">
    <subfield code="a">computer</subfield>
    <subfield code="b">c</subfield>
    <subfield code="2">rdamedia</subfield>
  </datafield>
  <datafield tag="338" ind1=" " ind2=" ">
    <subfield code="a">online resource</subfield>
    <subfield code="b">cr</subfield>
    <subfield code="2">rdacarrier</subfield>
  </datafield>
  <datafield tag="490" ind1="1" ind2=" ">
    <subfield code="a">Huellas : memoria y texto de creaci&#xF3;n ;</subfield>
    <subfield code="v">[22].</subfield>
    <subfield code="a">Serie desaf&#xED;o(s) ;</subfield>
    <subfield code="v">2</subfield>
  </datafield>
  <datafield tag="504" ind1=" " ind2=" ">
    <subfield code="a">Includes bibliographical references.</subfield>
  </datafield>
  <datafield tag="500" ind1=" " ind2=" ">
    <subfield code="a">Includes Interventions at the Jornadas Europeas sobre Privaci&#xF3;n de Libertad y Mecanismos de Garant&#xED;a de los Derechos Humanos. UN Protocol Against Torture.</subfield>
  </datafield>
  <datafield tag="505" ind1="0" ind2=" ">
    <subfield code="a">Presentaci&#xF3;n / Roberto Bergalli -- Guant&#xE1;namo y sus consecuencias /  Jeffrey Ian Ross -- La impunidad de la tortura y las obligaciones de los Estados en el marco internacional y estatal / I&#xF1;aki Rivera -- Objetivos y funcionamiento del Comit&#xE9; para la Prevenci&#xF3;n de la Tortura del Consejo de Europa / Mauro Palma -- El Protocolo Facultativo de la Convenci&#xF3;n contra la Tortura: Origen, Objetivos y Funcionamiento / Claudia Gerez -- Derechos fundamentales y privaci&#xF3;n de libertad en el Estado espa&#xF1;ol / Jorge del Cura -- El Tribunal de Estrasburgo y la garant&#xED;a de los derechos humanos en personas privadas de libertad. El caso de los independentistas catalanes detenidos durante la operaci&#xF3;n Garz&#xF3;n / Ram&#xF3;n Piqu&#xE9; -- Jornadas para la prevenci&#xF3;n de la tortura / Noem&#xED; Simarro -- Proyecto de Investigaci&#xF3;n sobre Privaci&#xF3;n de Libertad y Derechos Humanos en el Estado Espa&#xF1;ol / Francisca Cano -- Breves apostillas al fen&#xF3;meno de la tortura en la Rep&#xFA;blica Argentina/ Juan Lucas Finkelstein Nappi -- La tortura en el Estado Espa&#xF1;ol / Coordinadora para la Prevenci&#xF3;n de la Tortura -- Dep&#xF3;sito del instrumento de ratificaci&#xF3;n del Protocolo Facultativo contra la tortura y otros tratos y penas crueles, inhumanos y degradantes, alocuci&#xF3;n de S.E.D / Miguel Angel Moratinos --Historia de la Shoah (Georges Bensoussan) / Jordi Cabezas Salmer&#xF3;n -- Antigone (Quadrimestrale di critica del sistema penale e penitenziario) / Roberto Bergalli</subfield>
  </datafield>
  <datafield tag="650" ind1=" " ind2="0">
    <subfield code="a">Torture.</subfield>
  </datafield>
  <datafield tag="650" ind1=" " ind2="0">
    <subfield code="a">Abuse of administrative power.</subfield>
  </datafield>
  <datafield tag="650" ind1=" " ind2="0">
    <subfield code="a">Human rights.</subfield>
  </datafield>
  <datafield tag="655" ind1=" " ind2="0">
    <subfield code="a">Electronic books.</subfield>
  </datafield>
  <datafield tag="700" ind1="1" ind2=" ">
    <subfield code="a">Bergalli, Roberto.</subfield>
  </datafield>
  <datafield tag="700" ind1="1" ind2=" ">
    <subfield code="a">Rivera Beiras, I&#xF1;aki.</subfield>
  </datafield>
  <datafield tag="791" ind1="2" ind2=" ">
    <subfield code="a">Digitalia (Firm),</subfield>
    <subfield code="e">distributor.</subfield>
  </datafield>
  <datafield tag="830" ind1=" " ind2="0">
    <subfield code="a">Huellas (Anthropos, Editorial del Hombre) ;</subfield>
    <subfield code="v">22.</subfield>
  </datafield>
  <datafield tag="830" ind1=" " ind2="0">
    <subfield code="a">Huellas (Anthropos, Editorial del Hombre). </subfield>
    <subfield code="p">Serie desaf&#xED;o(s) ;</subfield>
    <subfield code="v">2.</subfield>
  </datafield>
  <datafield tag="793" ind1="0" ind2=" ">
    <subfield code="g">Digitalia eBook Collection:</subfield>
    <subfield code="a">Anthropos</subfield>
  </datafield>
  <datafield tag="856" ind1="4" ind2="0">
    <subfield code="3">Digitalia Hisp&#xE1;nica</subfield>
    <subfield code="u">https://www.digitaliapublishing.com/a/162/</subfield>
  </datafield>
  <datafield tag="910" ind1=" " ind2=" ">
    <subfield code="a">Premium Collection: 2007-2012</subfield>
  </datafield>
  <datafield tag="942" ind1=" " ind2=" ">
    <subfield code="c">RAA</subfield>
  </datafield>
  <datafield tag="952" ind1=" " ind2=" ">
    <subfield code="0">0</subfield>
    <subfield code="1">0</subfield>
    <subfield code="4">0</subfield>
    <subfield code="7">0</subfield>
    <subfield code="8">DEH</subfield>
    <subfield code="a">BD-UIN</subfield>
    <subfield code="b">BD-UIN</subfield>
    <subfield code="d">2025-04-25</subfield>
    <subfield code="l">0</subfield>
    <subfield code="r">2025-04-25</subfield>
    <subfield code="w">2025-04-25</subfield>
    <subfield code="y">RAA</subfield>
  </datafield>
  <datafield tag="999" ind1=" " ind2=" ">
    <subfield code="c">229258</subfield>
    <subfield code="d">229258</subfield>
  </datafield>
</record>
